000 00515nam a2200193Ia 4500
001 6946
008 140320s9999 xx 000 0 und d
020 _a0-06-042478-8
040 _cPK-LaUMT
082 _a 321.80420973
_bGRE-S
100 _aGreenberg, Edward S.
245 4 _aThe struggle for democracy
_cGreenberg, Edward S.<>Page, Bengamin I., Jt. Auth.
260 _c1993.
300 _a796 p.
546 _aEN
650 _aDemocracy-United States
700 _aPage, Bengamin I., Jt. Auth.
942 _cBK
999 _c8439
_d8439